[Event "Dortmund Sparkassen op-B 47th"]
[Site "Dortmund"]
[Date "2019.07.19"]
[Round "7"]
[White "Hollstein, Ralf"]
[Black "Slusarski, David"]
[Result "1/2-1/2"]
[WhiteElo "1765"]
[BlackElo "1604"]
[PlyCount "41"]
[EventDate "2019.07.13"]
[EventType "swiss"]
[EventRounds "9"]
[EventCountry "GER"]
[SourceTitle "CBM 192 Extra"]
[Source "Chessbase"]
[SourceDate "2019.11.06"]
[SourceVersion "1"]
[SourceVersionDate "2019.11.06"]
[SourceQuality "1"]

1. d4 Nf6 2. Nf3 d5 3. c3 c5 4. dxc5 e6 5. Bg5 Bxc5 6. e3 0-0 7. Nbd2 Nc6 8. Nd4 h6 9. Bh4 e5 10. Nxc6 bxc6 11. Be2 Bf5 12. 0-0 Rb8 13. b4 Bd6 14. Nb3 Qb6 15. Bxf6 gxf6 16. Bg4 Bg6 17. Kh1 Qd8 18. f4 Be4 19. Nd2 f5 20. Nxe4 fxe4 21. g3 1/2-1/2